000 01707cam a2200169 4500500
005 20260111091222.0
041 _afre
042 _adc
100 1 0 _aPonnou-Delaffon,
_eauthor
245 0 0 _aIncarnation et Trinité
260 _c2005.
500 _a11
520 _aCet article propose une méditation trinitaire et christologique dans laquelle l’auteur montre comment le mystère de l’Incarnation révèle celui de la Trinité. En effet, l’unicité de la nature divine et la trinité des personnes divines sont attestées dans l’être et la vie du Verbe fait chair qui nous permet, notamment, de comprendre comment l’être-soi de chaque hypostase divine a la consistance de son être-pour-l’autre. Par ailleurs, la relation économique du Christ à l’Esprit (inversion trinitaire) nous enseigne sur la logique d’amour trinitaire dont le Fils est l’icône visible.
520 _aThe present article proposes a trinitarian and christological meditation, in which the A. indicates how the mystery of incarnation reveals the mystery of the Trinity. The unicity of the divine nature and the trinity of the divine persons are both attested in the very being and in the life of the Word made flesh, who allows us to understand the way that being-oneself in each divine hypostasis has the consistance of his being-for-the-other. Besides, Christ’s economic relationship to the Spirit teaches us something of the logic of trinitarian love, of which the Son is the visible icon.
786 0 _nNouvelle revue théologique | 127 | 3 | 2005-07-01 | p. 427-435 | 0029-4845
856 4 1 _uhttps://shs.cairn.info/revue-nouvelle-revue-theologique-2005-3-page-427?lang=fr&redirect-ssocas=7080
999 _c1620638
_d1620638